| 000 | 00538nam a22002052 4500 | ||
|---|---|---|---|
| 001 | 22667 | ||
| 003 | CZ PrNK | ||
| 005 | 20260415142122.0 | ||
| 008 | 960509s1984 xo slo | ||
| 040 |
_aABA001 _bcze _cABA001 _dABA001 |
||
| 100 | 1 |
_aTuleja, Miroslav, _d1942- _4aut |
|
| 245 | 1 | 0 |
_aDych ďalekých poludníkov / _cMiroslav Tuleja |
| 250 | _a1. vyd. | ||
| 260 |
_aBratislava : _bObzor, _c1984 |
||
| 300 |
_a218 s. : _bbarev. obr. ; _c8° |
||
| 490 | 1 | _aSvetom | |
| 830 | 0 | _aSvetom | |
| 910 | _aABA001 | ||
| 942 |
_2ddc _cKLDO _n0 |
||
| 999 |
_c22667 _d22667 |
||